[Event "EU-ch U20"]
[Site "Groningen"]
[Date "1985.??.??"]
[Round "3"]
[White "Khalifman, Alexander"]
[Black "Piket, Jeroen"]
[Result "1-0"]
[WhiteElo "2485"]
[BlackElo "2380"]

1.e4 c5 2.Nf3 d6 3.d4 cxd4 4.Nxd4 Nf6 5.Nc3 Nc6 6.Be2 e5 7.Nf3 h6 8.O-O Be7
9.Re1 O-O 10.h3 a6 11.Bf1 b5 12.a4 b4 13.Nd5 Nxd5 14.exd5 Nb8 15.a5 Bf5 16.Bd2 Qc7
17.Bxb4 Bxc2 18.Qd2 Bf5 19.Nxe5 Bg5 20.f4 Bh4 21.Nc4 Bxe1 22.Rxe1 Rd8 23.g4 Nd7
24.gxf5 Nf6 25.Nb6 Rab8 26.Bc3 Re8 27.Rxe8+ Rxe8 28.Bxa6 Ne4 29.Qe3 Nf6 30.Qd2 Ne4
31.Qd4 Nxc3 32.Qxc3 Qe7 33.Bb5 Rb8 34.Bf1 Qe4 35.Qd2 Qb1 36.Qf2 Qa2 37.a6 Qa5
38.b4  1-0

[Event "EU-ch U20"]
[Site "Groningen"]
[Date "1985.??.??"]
[Round "5"]
[White "Khalifman, Alexander"]
[Black "Blatny, Pavel"]
[Result "1-0"]
[WhiteElo "2485"]
[BlackElo "2395"]

1.d4 Nf6 2.Nf3 e6 3.c4 b6 4.Nc3 Bb7 5.a3 d5 6.cxd5 Nxd5 7.Qc2 c5 8.e4 Nxc3
9.bxc3 Nd7 10.Bf4 cxd4 11.cxd4 Rc8 12.Qb3 Be7 13.Bd3 O-O 14.O-O Nf6 15.Rfe1 Nh5
16.Bd2 g5 17.Rad1 Ng7 18.Bb1 f5 19.d5 exd5 20.exf5 Bf6 21.Qd3 h6 22.Ne5 d4
23.Bb4 Qd5 24.Qf1 Bxe5 25.Be4 Qxe4 26.Rxe4 Bxe4 27.Bxf8 Rxf8 28.Re1 Re8 29.Rxe4 Bxh2+
30.Kxh2 Rxe4 31.Qc4+ Kf8 32.f3 Rf4 33.Qc8+ Kf7 34.g4 Ne8 35.Qe6+ Kf8 36.Qxh6+ Kf7
37.Kg3 d3 38.Qe6+ Kf8 39.Qd7  1-0

[Event "EU-ch U20"]
[Site "Groningen"]
[Date "1985.??.??"]
[Round "6"]
[White "Grivas, Efstratios"]
[Black "Khalifman, Alexander"]
[Result "0-1"]
[WhiteElo "2400"]
[BlackElo "2485"]

1.d4 Nf6 2.c4 e6 3.Nf3 b6 4.g3 Ba6 5.Nbd2 Bb4 6.Qc2 c5 7.dxc5 Bxc5 8.Bg2 Nc6
9.O-O O-O 10.a3 Be7 11.b4 Bb7 12.e4 d6 13.Bb2 Qc7 14.Qd3 Rfd8 15.h3 Rac8
16.Qe3 Nd7 17.Rfd1 Bf6 18.Bxf6 Nxf6 19.Rac1 Nd7 20.Nd4 Nxd4 21.Qxd4 Ne5 22.f4 Nd7
23.Qe3 Nf6 24.Nb3 Qb8 25.Re1 Re8 26.Qd3 h6 27.Kh2 Ba6 28.e5 dxe5 29.fxe5 Red8
30.Qf3 Nd7 31.b5 Nxe5 32.Qe4 Nd3 33.bxa6 Nxc1 34.Rxc1 Qd6 35.c5 bxc5 36.Qc4 Rc7
37.Na5 Qd2 38.Nb7 Rd3 39.Rc2 Qe3 40.Qf4 Qxf4 41.gxf4 Rxa3 42.Bf1 Rf3 43.Bg2 Rxf4
44.Nd8 Rb4 45.Bb7 Rb6  0-1

[Event "EU-ch U20"]
[Site "Groningen"]
[Date "1985.??.??"]
[Round "8"]
[White "Arlandi, Ennio"]
[Black "Khalifman, Alexander"]
[Result "0-1"]
[WhiteElo "2310"]
[BlackElo "2485"]

1.d4 Nf6 2.c4 g6 3.Nc3 Bg7 4.e4 d6 5.f3 O-O 6.Be3 c5 7.dxc5 dxc5 8.Qxd8 Rxd8
9.Bxc5 Nc6 10.Rd1 Nd7 11.Ba3 b6 12.Nge2 Bb7 13.Nd5 Nde5 14.Nc1 e6 15.Ne7+ Nxe7
16.Bxe7 Rxd1+ 17.Kxd1 Re8 18.Bg5 f5 19.exf5 Nxf3 20.f6 Nxg5 21.fxg7 Nh3 22.Nd3 Kxg7
23.Ke1 Rd8 24.Ne5 g5 25.Ng4 h5 26.Ne3 g4 27.Be2 Nf4 28.Rg1 Rd4 29.Bf1 Ng6
30.Be2 Nf4 31.Bf1 Be4 32.a3 e5 33.g3 Nd3+ 34.Bxd3 Rxd3 35.Nd1 Bf3 36.Nc3 e4
37.Nd5 e3  0-1

[Event "URS-ch U26"]
[Site "Lvov"]
[Date "1985.??.??"]
[Round "?"]
[White "Moskalenko, Viktor"]
[Black "Khalifman, Alexander"]
[Result "1-0"]
[WhiteElo "2460"]
[BlackElo "2485"]

1.d4 e6 2.c4 f5 3.Nc3 Nf6 4.g3 Bb4 5.Bg2 O-O 6.Nf3 Bxc3+ 7.bxc3 d6 8.O-O Qe7
9.c5 Nc6 10.cxd6 cxd6 11.Ba3 Qc7 12.c4 Rd8 13.Rc1 Na5 14.Nd2 Rb8 15.e4 e5
16.d5 b6 17.f4 Nxe4 18.Nxe4 fxe4 19.fxe5 dxe5 20.Bxe4 Nb7 21.d6 Qd7 22.Qh5  1-0

[Event "URS-ch U26"]
[Site "Lvov"]
[Date "1985.??.??"]
[Round "?"]
[White "Kharitonov, Andrei Y"]
[Black "Khalifman, Alexander"]
[Result "1/2-1/2"]
[WhiteElo "2450"]
[BlackElo "2485"]

1.d4 e6 2.Nf3 c5 3.g3 Nf6 4.Bg2 Nc6 5.O-O d5 6.c4 dxc4 7.dxc5 Qxd1 8.Rxd1 e5
9.Na3 Be6 10.Ng5 Bg4 11.Nxc4 Bxe2 12.Nd6+ Bxd6 13.Rxd6 h6 14.Ne4 Nxe4 15.Bxe4 Rd8
16.Rxd8+  1/2-1/2

[Event "URS-ch U26"]
[Site "Lvov"]
[Date "1985.??.??"]
[Round "?"]
[White "Khalifman, Alexander"]
[Black "Sturua, Zurab"]
[Result "1-0"]
[WhiteElo "2485"]
[BlackElo "2420"]

1.Nf3 Nf6 2.d4 e6 3.g3 d5 4.Bg2 c5 5.O-O Nc6 6.c4 Be7 7.cxd5 exd5 8.Nc3 O-O
9.dxc5 Bxc5 10.Bg5 d4 11.Bxf6 Qxf6 12.Nd5 Qd8 13.Nd2 Bh3 14.Bxh3 Qxd5 15.Qb3 Qh5
16.Qxb7 Ne5 17.Rac1 Bb6 18.Bc8 Qxe2 19.Qxa8 Qxd2 20.Qe4 Nd3 21.Rcd1 Nc5 22.Qb1 Qb4
23.Bf5 g6 24.a3 Qc4 25.Bd3 Qd5 26.Qc2 Nd7 27.Bc4 Qd6 28.Qe4 Ne5 29.Ba2 d3
30.Kg2 Rc8 31.Rd2 Bd4 32.Qd5 Qxd5+ 33.Bxd5 Rc2 34.Rxc2 dxc2 35.Be4 Bxb2 36.Bxc2 Bxa3
37.Ra1 Bc5 38.Ra5 Nd7 39.Bb3 Kg7 40.Rb5 Bb6 41.Rd5 Nf6 42.Rd3  1-0

[Event "URS-ch U26"]
[Site "Lvov"]
[Date "1985.??.??"]
[Round "?"]
[White "Khalifman, Alexander"]
[Black "Rozentalis, Eduardas"]
[Result "1/2-1/2"]
[WhiteElo "2485"]
[BlackElo "2490"]

1.e4 e5 2.Nf3 Nf6 3.Nxe5 d6 4.Nf3 Nxe4 5.d4 d5 6.Bd3 Bd6 7.O-O O-O 8.c4 c6
9.Re1 Re8 10.Nbd2 Bf5 11.c5 Bf8 12.Qc2 Nd7 13.Nf1 Bg6 14.Be3 Be7 15.b4 Bf6
16.Rab1 a6 17.a4 Nf8 18.Ng3 Ne6 19.Ne2 Qc7 20.Nd2 Re7 21.Rbd1 Nxd2 22.Qxd2 Rc8
23.Rb1 Bxd3 24.Qxd3 g6 25.b5 axb5 26.axb5 Ng7 27.Ng3 h5 28.bxc6 bxc6 29.Bd2 h4
30.Rxe7 Qxe7 31.Nf1 Nf5 32.Be3 Qe4 33.Rd1 Qxd3 34.Rxd3 Ra8 35.g4 hxg3 36.Nxg3 Nh4
37.Rd1 Ra4 38.Ne2 Nf5 39.Rb1 Nh4 40.h3 Ra2 41.Kf1 Ra3 42.Ke1 Nf3+ 43.Kd1 Nxd4
44.Rb8+ Kh7 45.Nxd4 Bxd4 46.Bxd4 Rd3+ 47.Ke2 Rxd4 48.Rc8 Re4+ 49.Kf3 Re6
50.Rc7 Kg7 51.Kg4 Kf8 52.f4 Ke8 53.f5 gxf5+ 54.Kxf5 d4 55.Ra7 d3 56.Ra4 d2
57.Rd4 Re2 58.h4 Ke7 59.Kf4 f6 60.Kf3 Re5 61.Rxd2 Rxc5 62.Rh2 Kf7 63.h5 Kg7
64.h6+ Kh7 65.Kf4 Rd5 66.Re2 Rd6 67.Kf5 Kxh6 68.Re7 Rd1 69.Re6 Rf1+ 70.Kg4 Rg1+
71.Kf4 Rf1+ 72.Kg4 c5 73.Rc6 Rg1+ 74.Kf4 Rf1+ 75.Kg4 Rc1 76.Rxf6+ Kg7 77.Rc6 Kf7
78.Kf4 Ke7 79.Ke3 Kd7 80.Rg6 Rd1 81.Rh6 Kc7 82.Rg6  1/2-1/2

[Event "URS-ch U26"]
[Site "Lvov"]
[Date "1985.??.??"]
[Round "?"]
[White "Khalifman, Alexander"]
[Black "Novikov, Igor A"]
[Result "1-0"]
[WhiteElo "2485"]
[BlackElo "2460"]

1.d4 d5 2.c4 e6 3.Nf3 Nf6 4.g3 dxc4 5.Bg2 a6 6.O-O b5 7.Ne5 Nd5 8.a4 Bb7
9.axb5 axb5 10.Rxa8 Bxa8 11.e4 Nf6 12.Nc3 c6 13.Bg5 Bb7 14.Nxf7 Kxf7 15.e5 h6
16.Bh4 Nbd7 17.exf6 Nxf6 18.Bxf6 gxf6 19.Qh5+ Kg7 20.Ra1 Rh7 21.Ne2 Bd6 22.d5 cxd5
23.Nd4 Bc8 24.Ra8 Qd7 25.Nxe6+ Qxe6 26.Bxd5 Qd7 27.Rxc8 Qxc8 28.Qf7+ Kh8
29.Qxf6+ Rg7 30.Qxh6+ Rh7 31.Qxd6 Rg7 32.Qh6+ Rh7 33.Qf6+ Rg7 34.h4 Qe8 35.Be6 Qe7
36.Qe5 Qb7 37.Qh5+ Rh7 38.Qe8+ Kg7 39.Qg8+ Kf6 40.Bd5  1-0

[Event "URS-ch U26"]
[Site "Lvov"]
[Date "1985.??.??"]
[Round "?"]
[White "Khalifman, Alexander"]
[Black "Korzubov, Peter"]
[Result "1/2-1/2"]
[WhiteElo "2485"]
[BlackElo "2460"]

1.e4 e6 2.d4 d5 3.Nd2 c5 4.Ngf3 a6 5.dxc5 Bxc5 6.Bd3 Ne7 7.O-O Nbc6 8.Qe2 Nb4
9.Nb3 Nxd3 10.cxd3 Bb6 11.Be3 O-O 12.e5 Nf5 13.Bxb6 Qxb6 14.Qc2 Bd7 15.Qc5 Qd8
16.Nbd4 Rc8 17.Qb4 Nxd4 18.Nxd4 Qc7 19.f4 f6 20.Rae1 fxe5 21.fxe5 Rxf1+ 22.Kxf1 a5
23.Qd6 Rf8+ 24.Kg1 Qxd6 25.exd6 Ra8 26.Rc1 Ra6 27.Rc7 Rxd6 28.Rxb7 Be8 29.Rc7  1/2-1/2

[Event "URS-ch U26"]
[Site "Lvov"]
[Date "1985.??.??"]
[Round "?"]
[White "Khalifman, Alexander"]
[Black "Glek, Igor V"]
[Result "1/2-1/2"]
[WhiteElo "2485"]
[BlackElo "2405"]

1.e4 e5 2.Nf3 Nc6 3.Bb5 a6 4.Bxc6 dxc6 5.O-O f6 6.d4 exd4 7.Nxd4 c5 8.Ne2 Qxd1
9.Rxd1 Be6 10.Bf4 Bd6 11.Nbc3 O-O-O 12.Bxd6 cxd6 13.Rd2 Ne7 14.Rad1 Kc7 15.Nf4 Bf7
16.Nfd5+ Nxd5 17.Nxd5+ Bxd5 18.Rxd5 Rhe8 19.f3 Re5 20.Rxe5 dxe5 21.Rxd8  1/2-1/2

[Event "URS-ch U26"]
[Site "Lvov"]
[Date "1985.??.??"]
[Round "?"]
[White "Khalifman, Alexander"]
[Black "Ehlvest, Jaan"]
[Result "1-0"]
[WhiteElo "2485"]
[BlackElo "2505"]

1.e4 c5 2.Nf3 d6 3.d4 cxd4 4.Nxd4 Nf6 5.Nc3 a6 6.Be3 e6 7.f3 b5 8.Qd2 Nbd7
9.g4 Nb6 10.Qf2 Nfd7 11.f4 Bb7 12.f5 Be7 13.fxe6 O-O 14.Nf5 fxe6 15.Bxb6 Nxb6
16.Nxe7+ Kh8 17.Qh4 b4 18.Ne2 Bxe4 19.Rg1 Nc8 20.g5 d5 21.Nc6 Qd6 22.Ncd4 e5
23.O-O-O exd4 24.Bg2 Bg6 25.Nxd4 Nb6 26.Rge1 Rac8 27.Bh3 Rf4 28.Qg3 Rxd4
29.Bxc8 Qc6 30.Bf5 Bxf5 31.Qc7 Rxd1+ 32.Kxd1 Bxc2+ 33.Kc1 Ba4+ 34.Qxc6 Bxc6
35.Re6 Bb5 36.Rxb6 Kg8 37.Rb7 d4 38.Kd2 Kf8 39.h4 d3 40.b3 h6 41.gxh6 gxh6
42.Rh7  1-0

[Event "URS-chI"]
[Site "Minsk"]
[Date "1985.??.??"]
[Round "3"]
[White "Khalifman, Alexander"]
[Black "Azmaiparashvili, Zurab"]
[Result "1-0"]
[WhiteElo "2485"]
[BlackElo "2465"]

1.e4 d6 2.d4 Nf6 3.Nc3 g6 4.Nf3 Bg7 5.Be2 Bg4 6.O-O Nc6 7.d5 Bxf3 8.Bxf3 Ne5
9.Be2 c6 10.a4 Qa5 11.Ra3 O-O 12.Be3 Rfc8 13.Rb3 Rab8 14.Qd4 c5 15.Qd1 a6
16.f4 Ned7 17.g4 b5 18.axb5 axb5 19.Bxb5 c4 20.Ra3 Qb4 21.Bd4 Rxb5 22.Na2 Nxd5
23.Nxb4 Bxd4+ 24.Qxd4 Nxb4 25.Rf2 d5 26.exd5 Rxd5 27.Qc3 Rb5 28.Ra4 Nd5 29.Rxc4 Nxc3
30.Rxc8+ Kg7 31.bxc3 Nf6 32.h3 h5 33.g5 Ne4 34.Re2 Nd6 35.Ra8 Nf5 36.Rd2 f6
37.gxf6+ Kxf6 38.Ra6+ Nd6 39.c4 Rc5 40.Rd4 Kf7 41.Ra4 Rc6 42.Kf2 Ne8 43.Ra5 Rf6
44.Re5 Ng7 45.Rde4 Nf5 46.c5 Rc6 47.Ra4 Rc7 48.c3 Ng7 49.Ra6 Rc8 50.c6 Ne6
51.Ke3 Nc7 52.Ra7 Kf6 53.c4 h4 54.Kf3 g5 55.Rxg5 Ne6 56.Rh5 Rxc6 57.Kg4 Rxc4
58.Rf5+ Kg6 59.Rxe7 Re4 60.Rf8  1-0

[Event "URS-chI"]
[Site "Minsk"]
[Date "1985.??.??"]
[Round "4"]
[White "Gulko, Boris F"]
[Black "Khalifman, Alexander"]
[Result "1/2-1/2"]
[WhiteElo "2475"]
[BlackElo "2485"]

1.d4 Nf6 2.c4 e6 3.Nf3 b6 4.e3 Bb7 5.Bd3 d5 6.O-O Bd6 7.b4 dxc4 8.Bxc4 O-O
9.b5 Nbd7 10.Bb2 Ne4 11.Nc3 Nxc3 12.Bxc3 Nf6 13.Ne5 Ne4 14.Qc2 Bxe5 15.dxe5  1/2-1/2

[Event "URS-chI"]
[Site "Minsk"]
[Date "1985.??.??"]
[Round "11"]
[White "Khalifman, Alexander"]
[Black "Kengis, Edvins"]
[Result "1-0"]
[WhiteElo "2490"]
[BlackElo "2430"]

1.e4 c5 2.Nf3 d6 3.d4 cxd4 4.Nxd4 Nf6 5.Nc3 a6 6.f4 e5 7.Nf3 Nbd7 8.a4 Be7
9.Bd3 O-O 10.O-O Nc5 11.Qe2 Nxd3 12.cxd3 exf4 13.Bxf4 Be6 14.Kh1 Qa5 15.Nd4 Qh5
16.Qf2 d5 17.Nxe6 fxe6 18.Qb6 dxe4 19.dxe4 Bc5 20.Qxe6+ Kh8 21.Bg3 Bd4 22.Qc4 Bxc3
23.bxc3 Qg6 24.e5 Ne4 25.Bf4 Rac8 26.Qb4 h6 27.Rae1 Nxc3 28.e6 Nd5 29.Qxb7 Nxf4
30.e7 Rfe8 31.Rxf4 Kh7 32.h3 Rc5 33.Rf8 Rf5  1-0

[Event "URS-chI"]
[Site "Minsk"]
[Date "1985.??.??"]
[Round "13"]
[White "Khalifman, Alexander"]
[Black "Basin, Leonid"]
[Result "1-0"]
[WhiteElo "2485"]
[BlackElo "2200"]

1.d4 d5 2.c4 e6 3.Nf3 Nf6 4.g3 dxc4 5.Bg2 a6 6.O-O Nc6 7.e3 Bd7 8.Nc3 Bd6
9.Qe2 b5 10.e4 e5 11.dxe5 Nxe5 12.Nxe5 Bxe5 13.f4 Bd4+ 14.Be3 Bc6 15.e5 Bxg2
16.Kxg2 Bxe3 17.exf6 Qd2 18.Rf2 O-O-O 19.Qg4+ Qd7 20.Qf3 Qd4 21.Re2 Qxf6
22.Rxe3 Kb8 23.Rae1  1-0

[Event "URS-chI"]
[Site "Minsk"]
[Date "1985.??.??"]
[Round "16"]
[White "Khalifman, Alexander"]
[Black "Kholmov, Ratmir D"]
[Result "1/2-1/2"]
[WhiteElo "2490"]
[BlackElo "2440"]

1.e4 e6 2.d4 d5 3.Nd2 c5 4.Ngf3 cxd4 5.exd5 Qxd5 6.Bc4 Qd6 7.O-O Nf6 8.Nb3 Nc6
9.Nbxd4 Nxd4 10.Nxd4 Bd7 11.b3 Be7 12.Bb2 O-O 13.Qe2 Rfe8 14.Rad1 Qb6 15.Nf3 Rad8
16.Ne5 Bc8 17.Ng4 Nxg4 18.Qxg4 Bf8 19.h3  1/2-1/2

[Event "Moscow-B"]
[Site "Moscow"]
[Date "1985.??.??"]
[Round "?"]
[White "Tseshkovsky, Vitaly"]
[Black "Khalifman, Alexander"]
[Result "0-1"]
[WhiteElo "2470"]
[BlackElo "2485"]

1.e4 c5 2.Nf3 d6 3.d4 cxd4 4.Nxd4 Nf6 5.Nc3 Nc6 6.Bg5 e6 7.Qd2 Be7 8.O-O-O O-O
9.f4 h6 10.Bh4 e5 11.Nf5 Bxf5 12.exf5 exf4 13.Kb1 d5 14.Bxf6 Bxf6 15.Nxd5 Be5
16.Bc4 b5 17.Bxb5 Rb8 18.c4 Nd4 19.Rhe1 f6 20.a4 Rf7 21.Qf2 Qa5 22.Re4 Nxf5
23.Qc2 Ne3 24.Nxe3 fxe3 25.c5 Kh8 26.Qc4 Re7 27.b4 Qc7 28.Rxe3 a6 29.Bxa6 Qc6
30.Bb5 Qxg2 31.Re2 Qf3 32.c6 Bxh2 33.Rdd2 Rxe2 34.Qxe2 Qf5+ 35.Qd3 Qg4 36.Rxh2 Qg1+
37.Kb2 Qxh2+ 38.Qc2 Qd6 39.Kb3 Re8 40.a5 Qd5+ 41.Ka4 Re1 42.Bc4 Qxc6+ 43.Kb3 Re3+
44.Bd3 Qd5+ 45.Kc3 Rg3 46.Qe2 f5 47.Qe8+ Kh7 48.Qe2 Qe4 49.Qd2 Qc6+ 50.Kb3 Qd5+
51.Kc3 h5 52.Qd1 g6 53.a6 Qe5+ 54.Kc4 Rg4+ 55.Kb3 Qd5+  0-1

[Event "Moscow-B"]
[Site "Moscow"]
[Date "1985.??.??"]
[Round "?"]
[White "Khalifman, Alexander"]
[Black "Szekely, Peter"]
[Result "1/2-1/2"]
[WhiteElo "2485"]
[BlackElo "2415"]

1.e4 c5 2.Nf3 d6 3.d4 cxd4 4.Nxd4 Nf6 5.Nc3 a6 6.f4 e5 7.Nf3 Nbd7 8.a4 Be7
9.Bd3 O-O 10.O-O exf4 11.Kh1 Nc5 12.Bxf4 Bg4 13.Qe1 Nxd3 14.cxd3 Be6 15.Nd4 Rc8
16.Qe2 Re8 17.Be3 Nd7 18.Nf5 Ne5 19.a5 Bf8 20.Bb6 Qg5 21.Be3  1/2-1/2

[Event "Moscow-B"]
[Site "Moscow"]
[Date "1985.??.??"]
[Round "?"]
[White "Khalifman, Alexander"]
[Black "Belov, Igor"]
[Result "1/2-1/2"]
[WhiteElo "2485"]
[BlackElo "2200"]

1.e4 e5 2.Nf3 Nf6 3.Nxe5 d6 4.Nf3 Nxe4 5.d4 d5 6.Bd3 Bd6 7.O-O O-O 8.c4 c6
9.Nc3 Nxc3 10.bxc3 Bg4 11.Rb1 dxc4 12.Bxc4 b5 13.Bd3 Nd7 14.h3 Bh5 15.Be4 Rc8
16.Qd3  1/2-1/2

[Event "Moscow-B"]
[Site "Moscow"]
[Date "1985.??.??"]
[Round "?"]
[White "Eingorn, Vereslav S"]
[Black "Khalifman, Alexander"]
[Result "1/2-1/2"]
[WhiteElo "2525"]
[BlackElo "2485"]

1.d4 Nf6 2.Nf3 d5 3.c4 c6 4.e3 g6 5.Nc3 Bg7 6.Be2 O-O 7.O-O Bg4 8.cxd5 cxd5
9.Qb3 b6 10.h3 Bxf3 11.Bxf3 e6 12.Qa4 Qd7 13.Bd2 a6 14.Rfc1 b5 15.Qd1 Nc6
16.Be1 Rfd8 17.Ne2 e5 18.dxe5 Nxe5 19.Nd4 Nxf3+ 20.Nxf3 Rac8 21.Bc3 Ne4 22.Bxg7 Kxg7
23.Rxc8 Rxc8 24.Rc1 Rxc1 25.Qxc1 Qd6 26.Qd1 Qc5 27.Qd4+ Qxd4 28.Nxd4 Kf6
29.Kf1 Ke5 30.Ke2 Nc5 31.Nc6+ Kd6 32.Nb4 a5 33.Nd3 Ne6 34.Kd2 d4 35.e4 h5
36.h4 g5 37.hxg5 Nxg5 38.f3 h4 39.Ke2 Ke6 40.b3 Kd6 41.a4 bxa4 42.bxa4 Kc6
43.Kd1 h3  1/2-1/2

[Event "URS-FL"]
[Site "Kujbyshev"]
[Date "1986.??.??"]
[Round "?"]
[White "Sveshnikov, Evgeny"]
[Black "Khalifman, Alexander"]
[Result "1/2-1/2"]
[WhiteElo "2535"]
[BlackElo "2500"]

1.e4 c5 2.c3 d6 3.d4 Nf6 4.dxc5 Nc6 5.Qc2 dxc5 6.Nf3 Qc7 7.Be3 e6 8.h3 Be7
9.Be2 O-O 10.O-O b6 11.a4 Bb7 12.Nbd2 Rfd8 13.Rfe1 Rd7 14.Rad1 Rad8 15.Bg5 Nh5
16.Be3 Nf6 17.Bg5 Nh5 18.Be3 Nf6  1/2-1/2

[Event "URS-FL"]
[Site "Kujbyshev"]
[Date "1986.??.??"]
[Round "?"]
[White "Khalifman, Alexander"]
[Black "Huzman, Alexander"]
[Result "1/2-1/2"]
[WhiteElo "2500"]
[BlackElo "2390"]

1.e4 e6 2.d4 d5 3.Nd2 c5 4.Ngf3 cxd4 5.exd5 Qxd5 6.Bc4 Qd6 7.O-O Nf6 8.Nb3 Nc6
9.Nbxd4 Nxd4 10.Nxd4 Bd7 11.c3 Be7 12.Qf3 Qc7 13.Bb3 O-O 14.Bg5 Nd5 15.Bd2 Qc5
16.Rad1 Bf6 17.Bc1 Rfd8 18.Rfe1 a5 19.Qg3 Be8 20.a3 b5 21.Bg5 Qc7 22.Qxc7 Nxc7
23.Bxf6 gxf6  1/2-1/2

[Event "Minsk Int"]
[Site "Minsk"]
[Date "1986.??.??"]
[Round "?"]
[White "Gross, Stefan"]
[Black "Khalifman, Alexander"]
[Result "0-1"]
[WhiteElo "2410"]
[BlackElo "2500"]

1.Nf3 Nf6 2.c4 g6 3.Nc3 Bg7 4.e4 d6 5.d4 O-O 6.Be2 e5 7.Be3 h6 8.h3 exd4
9.Nxd4 Re8 10.Qc2 Qe7 11.Nd5 Nxd5 12.exd5 Na6 13.O-O-O Nc5 14.g4 Bd7 15.h4 Qe5
16.Bf3 b5 17.cxb5 Rab8 18.b4 Rxb5 19.Nxb5 Bxb5 20.Rd4 Qf6 21.Bg2 Ba4 22.Qc4 Ne4
23.g5 hxg5 24.hxg5 Nxg5 25.b5 Nf3 26.Bxf3 Qxf3 27.Rdh4 Rxe3 28.fxe3 Qxe3+
29.Kb1 Qe5 30.Qd4 Qxd4 31.Rxd4 Bxd4 32.Rh4 Bxb5 33.Rxd4 f5 34.a4 Ba6 35.Kc2 Kf7
36.Rh4 Kg7 37.Rb4 g5 38.Rb8 g4 39.Kd2 Kf6 40.Ke3 Ke5 41.Re8+ Kxd5 42.Re7 Kc6
43.Rf7 g3 44.Rxf5 g2 45.Rg5 Bf1 46.a5 Kb7 47.Kf2 Ka6 48.Rg7 c5 49.Rd7 Kxa5
50.Rxd6 c4  0-1

[Event "Minsk tt"]
[Site "Minsk"]
[Date "1986.??.??"]
[Round "?"]
[White "Khalifman, Alexander"]
[Black "Ivanchuk, Vassily"]
[Result "1-0"]
[WhiteElo "2490"]
[BlackElo "2390"]

1.d4 d5 2.c4 e6 3.Nf3 Nf6 4.g3 dxc4 5.Bg2 Nc6 6.O-O Rb8 7.Nc3 a6 8.e4 b5
9.Qe2 Nxd4 10.Nxd4 Qxd4 11.Bg5 Qb6 12.e5 Nd5 13.Bxd5 exd5 14.Nxd5 Qb7 15.Rad1 Bh3
16.e6 Bxe6 17.Qe5 Bd6 18.Qxg7 Kd7 19.Nf6+ Kc6 20.Ne4 Qc8 21.Qd4 Qd7 22.Nf6 Qc8
23.Be3 b4 24.a3 bxa3 25.bxa3 Rb3 26.Qe4+ Kb5 27.Rd5+ Bxd5 28.Qxd5+ c5 29.a4+ Kb6
30.Qxd6+ Kb7 31.Qd5+ Qc6 32.Qxc4  1-0

[Event "Minsk Int"]
[Site "Minsk"]
[Date "1986.??.??"]
[Round "?"]
[White "Gunawan, Ronny"]
[Black "Khalifman, Alexander"]
[Result "0-1"]
[WhiteElo "2440"]
[BlackElo "2500"]

1.d4 Nf6 2.c4 g6 3.Nc3 Bg7 4.e4 d6 5.f3 O-O 6.Be3 c5 7.dxc5 dxc5 8.Qxd8 Rxd8
9.Bxc5 Nc6 10.Nd5 Nd7 11.Nxe7+ Nxe7 12.Bxe7 Bxb2 13.Rb1 Bc3+ 14.Kd1 Re8 15.Ne2 Be5
16.Bb4 Nb6 17.Nc3 a5 18.Ba3 Bxc3 19.Rxb6 Bb4 20.Bc1 Rd8+ 21.Kc2 Bc5 22.Rb5 b6
23.Bg5 Re8 24.Rb1 Be6 25.Be2 Rac8 26.a4 f5 27.Bf6 fxe4 28.fxe4 Bf5 29.exf5 Rxe2+
30.Kb3 Re3+ 31.Kb2 Rf8 32.Bc3 Rxf5 33.Rbe1 Rf2+ 34.Kb3 Rxe1 35.Rxe1 Rxg2
36.Be5 Rf2 37.Rd1 Kf7 38.Bc7 Rf3+ 39.Kc2 Ke6 40.Rb1 Bb4 41.Bxb6 Rc3+ 42.Kd1 Rxc4
43.Rb2 Rc6 44.Bf2 Kf5 45.Bg3 g5 46.Rf2+ Ke4 47.Bb8 Rc8 48.Be5 h5 49.Bf6 Rc5
50.Rg2 Kf4 51.Rb2 Rd5+ 52.Ke2 Rd6 53.Bg7 h4 54.Rc2 Kg4 55.Ke3 Re6+ 56.Kd4 Kh3
57.Be5 g4 58.Re2 Bd6 59.Re3+ Kg2 60.Bxd6 Rxd6+  0-1

[Event "Minsk Int"]
[Site "Minsk"]
[Date "1986.??.??"]
[Round "?"]
[White "Paunovic, Dragan"]
[Black "Khalifman, Alexander"]
[Result "1/2-1/2"]
[WhiteElo "2425"]
[BlackElo "2500"]

1.d4 Nf6 2.c4 e6 3.Nf3 b6 4.g3 Ba6 5.Qa4 Bb7 6.Bg2 c5 7.O-O Be7 8.Nc3 O-O
9.Rd1 cxd4 10.Nxd4 Bxg2 11.Kxg2 Qc8 12.f3 a6 13.Qb3 Nc6 14.Nxc6 Qxc6 15.Be3 Rfc8
16.Qxb6 Qxc4 17.Rd4 Qc5 18.Rd2 Qf5 19.Rad1 d5 20.Bf2 h6 21.Qb7 Bf8 22.e4 dxe4
23.Nxe4 Nd5 24.Nc3 Nb4 25.g4 Qg6 26.Bg3 Nc2 27.Kh1 Ne3 28.Re1 Nc4 29.Rd7 e5
30.Qe4 Qxe4 31.Nxe4 Nxb2 32.Bxe5 Nc4 33.Bg3 Re8 34.Rc1 Ne5 35.Bxe5 Rxe5 36.Rcc7 f5
37.gxf5 Rxf5 38.Kg2 Rb8 39.Rb7 Rc8 40.Rbc7 Rb8 41.Rb7 Rxb7 42.Rxb7 Ra5 43.Rb2 Kf7
44.Kf2 Rd5 45.Rc2 a5 46.Rc7+ Be7 47.Ke3 a4 48.Nc3 Rc5 49.Rxc5 Bxc5+ 50.Ke4 a3
51.Kf5 Bd4 52.Nd5 Bb2 53.Nf4 Ke7  1/2-1/2

[Event "Minsk Int"]
[Site "Minsk"]
[Date "1986.??.??"]
[Round "?"]
[White "Khalifman, Alexander"]
[Black "Psakhis, Lev"]
[Result "1/2-1/2"]
[WhiteElo "2500"]
[BlackElo "2555"]

1.d4 Nf6 2.Nf3 e6 3.c4 c5 4.Nc3 cxd4 5.Nxd4 d5 6.cxd5 Nxd5 7.Bd2 Bc5 8.Nb3 Be7
9.g3 Bf6 10.Rc1 Nc6 11.Bg2 Nxc3 12.Bxc3 Bxc3+ 13.Rxc3 Qxd1+ 14.Kxd1 Bd7 15.Kc1 Rc8
16.Nc5 Nb4 17.Kb1 b6 18.Nxd7 Kxd7 19.Rd1+ Ke7 20.Rb3 Rc4 21.e3 Nc6 22.Ra3 a5
23.Rad3 Rd8 24.Rxd8 Nxd8 25.Rd3 Rc8 26.Rb3 Rb8 27.Kc2 f6 28.Rc3 Kd6 29.Rd3+ Ke7
30.Rc3 Kd6 31.h4 Kd7 32.Bf1 Kd6 33.Bb5 Rb7 34.Rd3+ Ke7 35.Rc3 Nf7 36.Bd3 h6
37.Be4 Rd7 38.Rc6 Rd6 39.Rc7+ Rd7 40.Rc6 Rd6 41.Rc7+ Rd7 42.Rc3 Kd8 43.Bg2 Rc7
44.Bh3 Rxc3+ 45.Kxc3 Ke7 46.Kd4 Nd6 47.Bg2  1/2-1/2

[Event "Plovdiv"]
[Site "Plovdiv"]
[Date "1986.??.??"]
[Round "?"]
[White "Khalifman, Alexander"]
[Black "Inkiov, Ventzislav"]
[Result "1-0"]
[WhiteElo "2490"]
[BlackElo "2465"]

1.e4 e5 2.Nf3 Nc6 3.Bb5 f5 4.Nc3 Nd4 5.Bc4 d6 6.d3 Nxf3+ 7.Qxf3 Nf6 8.Bg5 c6
9.O-O-O h6 10.Bxf6 Qxf6 11.Rhe1 fxe4 12.Qxe4 Bf5 13.Qe3 Be7 14.d4 Qg5 15.dxe5 Qxe3+
16.fxe3 dxe5 17.Rf1 Rf8 18.Nb5 Rc8 19.Rxf5 Rxf5 20.Be6 cxb5 21.Bxc8 Rf6 22.Bxb7 Rb6
23.Be4 Bc5 24.Rd3 Ke7 25.Kd2 Rd6 26.Bd5 b4 27.Ke2 Rf6 28.Rd2 Bb6 29.Rd1 Rd6
30.Kf3 Rf6+ 31.Ke2 Rd6 32.Kf3 Rf6+ 33.Ke4 Rf2 34.Kd3 g5 35.h3 h5 36.Be4 a5
37.Re1 Kd6 38.Kc4 Rd2 39.Kb5 Kc7 40.Ka4 g4 41.hxg4 hxg4 42.a3 bxa3 43.Kxa3 Bc5+
44.Kb3 g3 45.Kc4 Kb6 46.b3 Rd8 47.c3 Rd2 48.Bd5 Rc2 49.Rd1 Bb4 50.Rd3 Ba3
51.Be4 Bb4 52.Ba8 Ka7 53.Bd5 Kb6 54.Be4 Rc1 55.Ba8 Ka7 56.Bd5 Kb6 57.e4 Kc7
58.Rxg3 Kd6 59.Rf3 Ba3 60.Kb5 Bb2 61.c4 Bd4 62.Kxa5  1-0

[Event "Plovdiv"]
[Site "Plovdiv"]
[Date "1986.??.??"]
[Round "?"]
[White "Gligoric, Svetozar"]
[Black "Khalifman, Alexander"]
[Result "1/2-1/2"]
[WhiteElo "2515"]
[BlackElo "2490"]

1.Nf3 d5 2.d4 c6 3.c4 Nf6 4.Nc3 dxc4 5.a4 Bf5 6.e3 e6 7.Bxc4 Bb4 8.O-O Nbd7
9.Qe2 Bg6 10.e4 O-O 11.Bd3 Bh5 12.e5 Nd5 13.Nxd5 cxd5 14.Qe3 Be7 15.Ne1 Bg6
16.f4 Bxd3 17.Nxd3 f5 18.exf6 Rxf6 19.Bd2 a5 20.Rae1 Bd6  1/2-1/2

[Event "Plovdiv"]
[Site "Plovdiv"]
[Date "1986.??.??"]
[Round "?"]
[White "Ivanovic, Bozidar"]
[Black "Khalifman, Alexander"]
[Result "0-1"]
[WhiteElo "2490"]
[BlackElo "2490"]

1.e4 e5 2.Nf3 Nf6 3.Nxe5 d6 4.Nf3 Nxe4 5.d4 d5 6.Bd3 Bd6 7.O-O O-O 8.c4 c6
9.Nc3 Nxc3 10.bxc3 Bg4 11.Rb1 dxc4 12.Bxc4 b5 13.Be2 Nd7 14.a4 a6 15.c4 bxc4
16.Qc2 Bxf3 17.Bxf3 Qh4 18.g3 Qxd4 19.Bxc6 Rad8 20.Bg5 Qc5 21.Bxd8 Qxc6 22.Ba5 Ne5
23.Rfd1 Nf3+ 24.Kf1 Nxh2+ 25.Kg1 Nf3+ 26.Kf1 Nh2+ 27.Kg1 Nf3+ 28.Kf1 Re8
29.Rb6 Nd2+ 30.Kg1 Nf3+ 31.Kf1 Qc8 32.Kg2 Nh4+ 33.Kh2 Nf3+ 34.Kg2 Qa8 35.Kh3 Bc7
36.Qxc4 Ng5+ 37.Kh2 Qf3  0-1

[Event "Plovdiv"]
[Site "Plovdiv"]
[Date "1986.??.??"]
[Round "?"]
[White "Khalifman, Alexander"]
[Black "Uhlmann, Wolfgang"]
[Result "1/2-1/2"]
[WhiteElo "2490"]
[BlackElo "2505"]

1.e4 e6 2.d4 d5 3.Nd2 c5 4.Ngf3 Nc6 5.exd5 exd5 6.Bb5 Bd6 7.dxc5 Bxc5 8.O-O Ne7
9.Nb3 Bd6 10.Re1 O-O 11.Bg5 Bg4 12.Be2 Re8 13.c3 a6 14.Bh4 Qb6 15.Nfd4 Bxe2
16.Rxe2 Nxd4 17.Nxd4 Nc6 18.Nf5 Be5 19.Qd3 Qb5 20.Ne7+ Nxe7 21.Qxb5 axb5
22.Rxe5 f6 23.Ree1 Nf5 24.Rxe8+ Rxe8 25.Bg3 Re2 26.Rb1 Kf7 27.Kf1 Rc2 28.Bb8 g5
29.Rd1 Ne7 30.Bd6 Nc6 31.Bc5 Ke6 32.Re1+ Ne5 33.Ba3 g4 34.Re2 Rc1+ 35.Re1 Rxe1+
36.Kxe1 Nd3+ 37.Ke2 Nf4+ 38.Kf1 Ke5 39.f3 gxf3 40.gxf3 d4 41.Bc5 dxc3 42.bxc3 Kd5
43.Bd4 f5 44.Ke1 Kc4 45.Kd2 b4 46.Be5 Nd3 47.Bf6 bxc3+ 48.Bxc3 Nc1 49.Bg7 Nxa2
50.Ke3 Kd5 51.Kf4 Ke6 52.Kg5 Nb4 53.Kh6 Nd3 54.Kxh7 Ne1 55.f4 Nd3 56.Kg6 Nxf4+
57.Kg5 Nh3+ 58.Kh4 Ng1 59.Kg3 b5 60.h4 Ne2+ 61.Kf3 Nc1 62.h5 Nd3 63.Ke3  1/2-1/2

[Event "Plovdiv"]
[Site "Plovdiv"]
[Date "1986.??.??"]
[Round "?"]
[White "Kurtenkov, Atanas"]
[Black "Khalifman, Alexander"]
[Result "1-0"]
[WhiteElo "2455"]
[BlackElo "2490"]

1.e4 c5 2.Nc3 Nc6 3.g3 g6 4.d3 Bg7 5.Be3 d6 6.Bg2 Qa5 7.Ne2 Nd4 8.Bd2 Bg4
9.O-O Nf3+ 10.Kh1 Nxd2 11.Qxd2 Bxe2 12.Qxe2 e6 13.f4 Bxc3 14.bxc3 Qxc3 15.Rab1 Rb8
16.f5 Qe5 17.d4 Qxd4 18.fxe6 fxe6 19.Qb5+ Ke7 20.Qa5 Nf6 21.Qc7+ Nd7 22.Rf7+ Kxf7
23.Qxd7+ Kf6 24.Rf1+ Kg5 25.Qe7+ Kh6 26.Qh4+ Kg7 27.Qe7+ Kh6 28.Rf4  1-0